[Event "Stay Safe Play From Home 144"]
[Site "T#645981Emanuel Laske"]
[Date "2020.05.12"]
[Round "3"]
[White "rohit2007"]
[Black "matanant"]
[Result "1-0"]
[WhiteElo "1991"]
[BlackElo "1615"]
[Annotator "TA"]
[PlyCount "93"]
[EventDate "2020.05.12"]
[EventType "swiss (blitz)"]

{[%evp 9,92,22,14,19,19,28,35,14,14,8,23,0,33,25,20,-4,-6,-3,36,0,6,0,1,0,0,0,7,0,0,-7,41,0,0,0,20,9,9,2,4,8,8,7,10,8,12,0,4,0,0,0,4,0,41,0,0,0,0,-9,245,229,523,477,832,887,653,442,783,769,675,628,769,411,1452,387,12839,12840,29982,12847,29988,29989,29997,29998,29998,29999,29999]} 1. e4 e5 2. Nf3 d5 3. exd5 e4 4. Ne5 Qxd5 5. d4 exd3 $1 6. Nxd3 {C40: Latvian and Elephant Gambits.} Nf6 7. Nc3 Qd8 8. Be2 {White is slightly better.} Be7 9. O-O O-O 10. Bg5 {[#]} Be6 $146 ({Predecessor:} 10... Bf5 11. Re1 c6 12. Qd2 h6 13. Bf4 Nbd7 14. Rad1 Nb6 15. Qc1 Qc8 16. a4 Nbd5 17. Nxd5 Nxd5 {½-½ (41) Kosnar,M (2164)-Broucek,T (2076) Czechia 2013}) 11. Bf3 c6 12. Qe2 Nbd7 13. Rad1 Qc7 14. Bf4 Bd6 15. Bxd6 Qxd6 16. Ne4 Qc7 17. Ndc5 Bd5 18. Nxd7 Nxd7 19. c4 Be6 (19... Bxe4 $5 20. Qxe4 (20. Bxe4 Rad8 $11) 20... Rfe8 $11) 20. Ng5 Rfe8 21. Qd3 Nf6 22. Nxe6 Rxe6 23. Rfe1 Rae8 24. Rxe6 Rxe6 25. b4 g6 26. g3 Qe5 27. c5 Kg7 28. a4 a6 29. Kg2 h5 30. Rd2 Qg5 31. Re2 (31. h4 $5 {[%cal Rh4g5]} Qe5 32. Re2 $14) 31... Rxe2 32. Qxe2 h4 33. Qe7 hxg3 $2 {[%mdl 8192] A mistake that costs the game.} (33... Qd2 $11) 34. hxg3 $18 Qf5 $2 (34... Qd2) 35. Qxb7 {[%mdl 64] [#] Double Attack} Nh7 (35... Nd5 $142 36. b5 (36. Qxc6 Nxb4 37. Qd6 Nc2 $18) 36... axb5 37. axb5 Qg5 38. bxc6 Qe5) 36. Qxc6 Ng5 37. g4 Qf4 (37... Qb1 $142 38. b5 axb5 39. Qxb5 Qc2) 38. b5 axb5 39. axb5 Ne6 40. Qe4 Qd2 (40... Qxe4 $142 41. Bxe4 Nxc5) 41. Kg3 $2 (41. Qe5+ Kh7 42. b6) 41... Nxc5 $2 (41... Qb2 42. Qe2 Qxe2 43. Bxe2 Nxc5) 42. Qe5+ {[%mdl 64] [#] Double Attack} f6 43. Qxc5 (43. Qe7+ $142 Kh6 44. Qxf6 Kh7 45. Qe7+ Kh6 46. Qxc5 Kh7 47. Qe7+ Kg8 48. b6) 43... g5 44. Qe7+ {White mates.} Kg6 45. Be4+ f5 46. Bxf5+ Kh6 47. Qh7# {Accuracy: White = 70%, Black = 46%.} 1-0

[Event "Stay Safe Play From Home 144"]
[Site "T#645981Emanuel Laske"]
[Date "2020.05.12"]
[Round "3"]
[White "Kongle"]
[Black "Mandy"]
[Result "1-0"]
[WhiteElo "1852"]
[BlackElo "975"]
[Annotator "NA RC"]
[PlyCount "49"]
[EventDate "2020.05.12"]
[EventType "swiss (blitz)"]

1. d4 {[%emt 0:00:02]} d5 {[%emt 0:00:02]} 2. c4 {[%emt 0:00:01]} c6 {[%emt 0:00:01]} 3. Nc3 {[%emt 0:00:01]} Bf5 {[%emt 0:00:02]} 4. Nf3 {[%emt 0:00:01]} Nf6 {[%emt 0:00:02]} 5. cxd5 {[%emt 0:00:01]} e6 {[%emt 0:00:02]} 6. dxe6 {[%emt 0:00:02]} fxe6 {[%emt 0:00:03]} 7. Bg5 {[%emt 0:00:01]} Be7 {[%emt 0:00:02]} 8. e3 {[%emt 0:00:03]} h6 {[%emt 0:00:01]} 9. Bxf6 {[%emt 0:00:02]} Bxf6 {[%emt 0:00:03]} 10. Ne5 {[%emt 0:00:02]} Bxe5 {[%emt 0:00:04]} 11. dxe5 {[%emt 0:00:02]} O-O {[%emt 0:00:07]} 12. Qb3 {[%emt 0:00:06]} Nd7 {[%emt 0:00:00]} 13. e4 {[%emt 0:00:02]} Bg6 {[%emt 0:00:05]} 14. Qxe6+ {[%emt 0:00:01]} Kh8 {[%emt 0:00:05]} 15. Rd1 {[%emt 0:00:03]} Qe8 {[%emt 0:00:04]} 16. Qxd7 {[%emt 0:00:04]} Qxd7 {[%emt 0:00:04]} 17. Rxd7 {[%emt 0:00:02]} Rad8 {[%emt 0:00:00]} 18. e6 {[%emt 0:00:02]} Rf6 {[%emt 0:00:08]} 19. Rxd8+ {[%emt 0:00:03]} Kh7 {[%emt 0:00:03]} 20. e7 {[%emt 0:00:01]} c5 {[%emt 0:00:08]} 21. e5 {[%emt 0:00:10]} Re6 {[%emt 0:00:04]} 22. Bd3 {[%emt 0:00:01]} Bxd3 {[%emt 0:00:13]} 23. e8=Q {[%emt 0:00:06]} Bg6 {[%emt 0:00:00]} 24. Qxe6 {[%emt 0:00:03]} b6 {[%emt 0:00:09]} 25. Qg8# {[%emt 0:00:02] (Lag: Av=0.55s, max=0.8s)} 1-0

[Event "Stay Safe Play From Home 144"]
[Site "T#645981Emanuel Laske"]
[Date "2020.05.12"]
[Round "3"]
[White "Edmatuag"]
[Black "Gibiz144"]
[Result "1-0"]
[WhiteElo "1713"]
[BlackElo "1607"]
[Annotator "NA RC"]
[PlyCount "135"]
[EventDate "2020.05.12"]
[EventType "swiss (blitz)"]

1. e4 {[%emt 0:00:03]} e6 {[%emt 0:00:01]} 2. d4 {[%emt 0:00:02]} b6 {[%emt 0:00:01]} 3. Nc3 {[%emt 0:00:01]} Bb7 {[%emt 0:00:01]} 4. Bd3 {[%emt 0:00:01]} d6 {[%emt 0:00:01]} 5. Nf3 {[%emt 0:00:01]} Ne7 {[%emt 0:00:01]} 6. O-O {[%emt 0:00:01]} g6 {[%emt 0:00:01]} 7. Bg5 {[%emt 0:00:02]} Bg7 {[%emt 0:00:01]} 8. Qe2 {[%emt 0:00:04]} h6 {[%emt 0:00:01]} 9. Bh4 {[%emt 0:00:03]} Nd7 {[%emt 0:00:01]} 10. Rad1 {[%emt 0:00:02]} O-O {[%emt 0:00:02]} 11. e5 {[%emt 0:00:03]} d5 {[%emt 0:00:06]} 12. Nb5 {[%emt 0:00:10]} a6 {[%emt 0:00:02]} 13. Bxe7 {[%emt 0:00:02]} Qxe7 {[%emt 0:00:03]} 14. Nxc7 {[%emt 0:00:01]} Nxe5 {[%emt 0:00:14]} 15. Nxe5 {[%emt 0:00:05]} Qxc7 {[%emt 0:00:01]} 16. c3 {[%emt 0:00:03]} b5 {[%emt 0:00:05]} 17. a3 {[%emt 0:00:02]} Rac8 {[%emt 0:00:02]} 18. f4 {[%emt 0:00:01]} Qd6 {[%emt 0:00:04]} 19. Qg4 {[%emt 0:00:02]} Rc7 {[%emt 0:00:06]} 20. Rf3 {[%emt 0:00:04]} Re7 {[%emt 0:00:08]} 21. Rg3 {[%emt 0:00:02]} Kh8 {[%emt 0:00:05]} 22. Bxg6 {[%emt 0:00:03]} fxg6 {[%emt 0:00:05]} 23. Nxg6+ {[%emt 0:00:01]} Kg8 {[%emt 0:00:01]} 24. Nxe7+ {[%emt 0:00:05]} Qxe7 {[%emt 0:00:01]} 25. Re1 {[%emt 0:00:03]} Bc8 {[%emt 0:00:02]} 26. f5 {[%emt 0:00:03]} Rf6 {[%emt 0:00:06]} 27. fxe6 {[%emt 0:00:03]} Rxe6 {[%emt 0:00:06]} 28. Rxe6 {[%emt 0:00:07]} Bxe6 {[%emt 0:00:01]} 29. Qf4 {[%emt 0:00:04]} Bf7 {[%emt 0:00:22]} 30. Re3 {[%emt 0:00:07]} Qf6 {[%emt 0:00:03]} 31. Qxf6 {[%emt 0:00:09]} Bxf6 {[%emt 0:00:01]} 32. Kf2 {[%emt 0:00:01]} Bg5 {[%emt 0:00:02]} 33. Re5 {[%emt 0:00:02]} Kg7 {[%emt 0:00:02]} 34. g3 {[%emt 0:00:01]} Bf6 {[%emt 0:00:01]} 35. Re1 {[%emt 0:00:03]} Kg6 {[%emt 0:00:01]} 36. h4 {[%emt 0:00:02]} Bd8 {[%emt 0:00:05]} 37. Kf3 {[%emt 0:00:02]} Bc7 {[%emt 0:00:01]} 38. g4 {[%emt 0:00:02]} Bd6 {[%emt 0:00:01]} 39. Rf1 {[%emt 0:00:07]} Be8 {[%emt 0:00:02]} 40. Ke3 {[%emt 0:00:02]} Bd7 {[%emt 0:00:04]} 41. Kf3 {[%emt 0:00:03]} h5 {[%emt 0:00:03]} 42. g5 {[%emt 0:00:03]} Bg4+ {[%emt 0:00:01]} 43. Kg2 {[%emt 0:00:02]} Be7 {[%emt 0:00:03]} 44. Re1 {[%emt 0:00:01]} Kf7 {[%emt 0:00:04]} 45. Re5 {[%emt 0:00:02]} Be6 {[%emt 0:00:03]} 46. g6+ {[%emt 0:00:01]} Kf6 {[%emt 0:00:02]} 47. g7 {[%emt 0:00:01]} Bg8 {[%emt 0:00:04]} 48. Rxh5 {[%emt 0:00:04]} Kxg7 {[%emt 0:00:02]} 49. Kg3 {[%emt 0:00:04]} Bf7 {[%emt 0:00:01]} 50. Re5 {[%emt 0:00:01]} Bd6 {[%emt 0:00:02]} 51. Kf4 {[%emt 0:00:02]} Bxe5+ {[%emt 0:00:01]} 52. Kxe5 {[%emt 0:00:01]} Kg6 {[%emt 0:00:02]} 53. Kd6 {[%emt 0:00:01]} Kh5 {[%emt 0:00:01]} 54. Kc7 {[%emt 0:00:01]} Kxh4 {[%emt 0:00:01]} 55. Kb7 {[%emt 0:00:01]} a5 {[%emt 0:00:01]} 56. Kb6 {[%emt 0:00:01]} Be8 {[%emt 0:00:02]} 57. Kxa5 {[%emt 0:00:01]} Kg4 {[%emt 0:00:01]} 58. Kb6 {[%emt 0:00:02]} Kf4 {[%emt 0:00:01]} 59. Kc5 {[%emt 0:00:01]} Ke4 {[%emt 0:00:01]} 60. b3 {[%emt 0:00:01]} Bd7 {[%emt 0:00:02]} 61. c4 {[%emt 0:00:07]} bxc4 {[%emt 0:00:02]} 62. bxc4 {[%emt 0:00:00]} dxc4 {[%emt 0:00:01]} 63. Kxc4 {[%emt 0:00:00]} Be6+ {[%emt 0:00:02]} 64. Kc5 {[%emt 0:00:01]} Bd5 {[%emt 0:00:02]} 65. a4 {[%emt 0:00:01]} Bb7 {[%emt 0:00:03]} 66. a5 {[%emt 0:00:01]} Ba6 {[%emt 0:00:01]} 67. d5 {[%emt 0:00:01]} Ke5 {[%emt 0:00:01]} 68. Kc6 {[%emt 0:00:02] Zeit (Lag: Av=0.46s, max=0.7s)} 1-0

[Event "Stay Safe Play From Home 144"]
[Site "T#645981Emanuel Laske"]
[Date "2020.05.12"]
[Round "3"]
[White "Gmbasti"]
[Black "Lucknow"]
[Result "0-1"]
[WhiteElo "1627"]
[BlackElo "1803"]
[Annotator "NA RC"]
[PlyCount "62"]
[EventDate "2020.05.12"]
[EventType "swiss (blitz)"]

1. c4 {[%emt 0:00:02]} c6 {[%emt 0:00:02]} 2. e3 {[%emt 0:00:00]} d5 {[%emt 0:00:01]} 3. d4 {[%emt 0:00:00]} e6 {[%emt 0:00:01]} 4. c5 {[%emt 0:00:01]} b6 {[%emt 0:00:02]} 5. Nc3 {[%emt 0:00:00]} bxc5 {[%emt 0:00:02]} 6. dxc5 {[%emt 0:00:02]} Bxc5 {[%emt 0:00:01]} 7. Nf3 {[%emt 0:00:01]} Nf6 {[%emt 0:00:01]} 8. Bd3 {[%emt 0:00:03]} Nbd7 {[%emt 0:00:07]} 9. e4 {[%emt 0:00:01]} d4 {[%emt 0:00:17]} 10. Na4 {[%emt 0:00:04]} Qa5+ {[%emt 0:00:28]} 11. Bd2 {[%emt 0:00:03]} Bb4 {[%emt 0:00:01]} 12. b3 {[%emt 0:00:08]} e5 {[%emt 0:00:06]} 13. O-O {[%emt 0:00:04]} Bxd2 {[%emt 0:00:03]} 14. Nxd2 {[%emt 0:00:01]} Ba6 {[%emt 0:00:15]} 15. Bxa6 {[%emt 0:00:04]} Qxa6 {[%emt 0:00:01]} 16. Nc4 {[%emt 0:00:01]} O-O {[%emt 0:00:06]} 17. f4 {[%emt 0:00:03]} Nxe4 {[%emt 0:00:14]} 18. fxe5 {[%emt 0:00:04]} c5 {[%emt 0:00:11]} 19. Qg4 {[%emt 0:00:09]} f5 {[%emt 0:00:09]} 20. exf6 {[%emt 0:00:04]} Ndxf6 {[%emt 0:00:01]} 21. Qh4 {[%emt 0:00:33]} Rae8 {[%emt 0:00:07]} 22. Rae1 {[%emt 0:00:08]} Qc6 {[%emt 0:00:06]} 23. Rf4 {[%emt 0:00:17]} Qd5 {[%emt 0:00:11]} 24. Ref1 {[%emt 0:00:09]} d3 {[%emt 0:00:06]} 25. Nab2 {[%emt 0:00:15]} d2 {[%emt 0:00:04]} 26. Rd1 {[%emt 0:00:02]} Qd4+ {[%emt 0:00:03]} 27. Kh1 {[%emt 0:00:02]} g5 {[%emt 0:00:04]} 28. Rxe4 {[%emt 0:00:07]} Nxe4 {[%emt 0:00:03]} 29. Qg4 {[%emt 0:00:13]} Nf2+ {[%emt 0:00:01]} 30. Kg1 {[%emt 0:00:03]} Nh3+ {[%emt 0:00:01]} 31. Kh1 {[%emt 0:00:02]} Qg1+ {[%emt 0:00:01] Zeit (Lag: Av=0.37s, max=1.1s)} 0-1

[Event "Stay Safe Play From Home 144"]
[Site "T#645981Emanuel Laske"]
[Date "2020.05.12"]
[Round "3"]
[White "UHU4"]
[Black "Lazieri3"]
[Result "0-1"]
[WhiteElo "1607"]
[BlackElo "2093"]
[Annotator "TA"]
[PlyCount "52"]
[EventDate "2020.05.12"]
[EventType "swiss (blitz)"]

{[%evp 15,52,0,19,16,25,24,33,5,3,5,6,4,14,0,0,-18,0,0,0,0,10,0,0,0,24,0,22,3,63,17,18,25,36,28,20,22,528,-1657,-1511]} 1. e4 c6 2. d4 d5 3. exd5 cxd5 4. Bd3 Nc6 5. Nf3 Nf6 6. c3 Bg4 7. O-O e6 8. Bg5 Be7 9. Nbd2 {B13: Caro-Kann: Exchange Variation and Panov-Botvinnik Attack.} Bh5 10. Re1 Bg6 11. Nf1 {White is slightly better.} Bxd3 12. Qxd3 h6 13. Bh4 O-O 14. Bg3 Ne4 15. Ne5 Nxe5 (15... Nxg3 {feels hotter.} 16. hxg3 Nxe5 17. Rxe5 Qb6 18. Re2 Rfc8) 16. Bxe5 Bd6 17. Bxd6 Qxd6 18. Ng3 (18. Ne3 {keeps more tension.} Qb6 19. Reb1 Nd6 20. a4 Rfc8 21. a5) 18... Nxg3 19. hxg3 Rfe8 20. f4 a6 21. Re3 f6 ({Black should play} 21... b5 $11) 22. Rae1 Re7 23. Qg6 Rae8 24. Kf2 b5 25. Rh1 {[#] Black must now prevent Rxh6.} e5 $2 {[%mdl 8192]} (25... Kh8 $11 {and Black is okay.}) 26. Qxh6 $4 {[%mdl 8192]} (26. fxe5 $18 Qe6 27. Rxh6) 26... gxh6 {Accuracy: White = 68%, Black = 81%.} 0-1

[Event "Stay Safe Play From Home 144"]
[Site "T#645981Emanuel Laske"]
[Date "2020.05.12"]
[Round "4"]
[White "Little champs"]
[Black "Chessencounter"]
[Result "1-0"]
[WhiteElo "2154"]
[BlackElo "2031"]
[Annotator "TA"]
[PlyCount "71"]
[EventDate "2020.05.12"]
[EventType "swiss (blitz)"]

{[%evp 12,71,36,27,25,0,8,0,43,28,41,41,51,35,34,7,15,20,17,13,17,19,197,202,387,392,481,476,497,487,507,503,581,557,806,798,1278,957,1423,1412,1532,1245,1961,1841,2056,1635,2343,2027,3276,1795,1548,801,800,795,775,776,905,905,901,891,6851,5920]} 1. d4 d5 2. e3 Nf6 3. Nf3 g6 4. Be2 Bg7 5. O-O O-O 6. c4 c6 7. Nbd2 Bf5 {D70: Grünfeld: Unusual White 3rd moves (met by ...d5).} 8. Nh4 Be6 9. Nhf3 Nbd7 {The position is equal.} 10. b3 Ne4 11. Bb2 {[#]} c5 $146 ({Predecessor:} 11... Ndf6 12. Ne5 Qa5 13. Nxe4 Nxe4 14. Bd3 Bxe5 15. dxe5 Rfd8 16. Qc2 Nc5 17. cxd5 Bxd5 {1-0 (38) Khismatullin,D (2681)-Ionov,S (2538) Loo 2014}) 12. Nxe4 (12. Qc1 {is interesting.} Nxd2 13. Qxd2 dxc4 14. bxc4 cxd4 15. exd4 Bf5 16. Qe3) 12... dxe4 13. Nd2 cxd4 14. Bxd4 f5 15. Bxg7 Kxg7 16. Qc2 Ne5 $2 {This move loses the game for Black.} (16... Qc7 $11) 17. Qc3 Qc7 $2 (17... Rf6 18. Nxe4 (18. Qxe5 Qxd2 19. Rfe1 Rc8 $11) 18... fxe4) 18. f4 $18 {[%mdl 64] Pin} exf3 19. Nxf3 {White is clearly winning.} Kf6 {[#]} 20. e4 $1 {[%mdl 512]} Rad8 (20... fxe4 21. Nxe5+) 21. Kh1 h5 22. exf5 gxf5 23. Rae1 Rd5 24. Bd1 Ra5 25. b4 Rd5 26. Bb3 Rfd8 27. Qb2 Rd3 28. Nxe5 R3d4 29. Nf3 {[%mdl 64] [#] Pin} Qb6 30. Nxd4 Qxd4 31. Qxd4+ Rxd4 32. Rd1 Rg4 33. h3 Rg3 34. Rf3 Rg8 35. c5 Rd8 36. Rxd8 {Accuracy: White = 76%, Black = 23%.} 1-0

[Event "Stay Safe Play From Home 144"]
[Site "T#645981Emanuel Laske"]
[Date "2020.05.12"]
[Round "4"]
[White "Haris kollari 13"]
[Black "Don59as"]
[Result "1-0"]
[WhiteElo "1925"]
[BlackElo "2048"]
[Annotator "RC"]
[PlyCount "79"]
[EventDate "2020.05.12"]
[EventType "swiss (blitz)"]

1. e4 {[%emt 0:00:01]} e5 {[%emt 0:00:01]} 2. Nf3 {[%emt 0:00:01]} Nc6 {[%emt 0:00:01]} 3. Bb5 {[%emt 0:00:01]} f5 {[%emt 0:00:01]} 4. exf5 {[%emt 0:00:02]} e4 {[%emt 0:00:02]} 5. Bxc6 {[%emt 0:00:02]} dxc6 {[%emt 0:00:01]} 6. Qe2 {[%emt 0:00:01]} Qe7 {[%emt 0:00:01]} 7. Nd4 {[%emt 0:00:01]} Nf6 {[%emt 0:00:01]} 8. O-O {[%emt 0:00:02]} Qe5 {[%emt 0:00:01]} 9. c3 {[%emt 0:00:02]} Bxf5 {[%emt 0:00:05]} 10. Re1 {[%emt 0:00:02]} Bd6 {[%emt 0:00:03]} 11. g3 {[%emt 0:00:01]} O-O-O {[%emt 0:00:10]} 12. d3 {[%emt 0:00:03]} Rde8 {[%emt 0:00:09]} 13. Bf4 {[%emt 0:00:09]} Qd5 {[%emt 0:00:05]} 14. Nxf5 {[%emt 0:00:12]} Bxf4 {[%emt 0:00:13]} 15. Nxg7 {[%emt 0:00:03]} Re7 {[%emt 0:00:12]} 16. gxf4 {[%emt 0:00:09]} Rxg7+ {[%emt 0:00:01]} 17. Kf1 {[%emt 0:00:08]} Rhg8 {[%emt 0:00:02]} 18. Qe3 {[%emt 0:00:09]} Rg1+ {[%emt 0:00:06]} 19. Ke2 {[%emt 0:00:01]} exd3+ {[%emt 0:00:05]} 20. Kd2 {[%emt 0:00:03]} Rxe1 {[%emt 0:00:03]} 21. Qxe1 {[%emt 0:00:02]} Ne4+ {[%emt 0:00:01]} 22. Kd1 {[%emt 0:00:02]} Qh5+ {[%emt 0:00:09]} 23. Kc1 {[%emt 0:00:07]} Qf3 {[%emt 0:00:08]} 24. Nd2 {[%emt 0:00:05]} Qxf4 {[%emt 0:00:08]} 25. Kd1 {[%emt 0:00:12]} Nxf2+ {[%emt 0:00:07]} 26. Kc1 {[%emt 0:00:03]} Ne4 {[%emt 0:00:05]} 27. Kd1 {[%emt 0:00:01]} Qg4+ {[%emt 0:00:23]} 28. Kc1 {[%emt 0:00:01]} Nxd2 {[%emt 0:00:01]} 29. Kxd2 {[%emt 0:00:02]} Qg2+ {[%emt 0:00:03]} 30. Kxd3 {[%emt 0:00:03]} Rd8+ {[%emt 0:00:03]} 31. Kc4 {[%emt 0:00:03]} Qd5+ {[%emt 0:00:01]} 32. Kb4 {[%emt 0:00:01]} a5+ {[%emt 0:00:09]} 33. Ka3 {[%emt 0:00:06]} Qc5+ {[%emt 0:00:09]} 34. Kb3 {[%emt 0:00:01]} Qb5+ {[%emt 0:00:01]} 35. Ka3 {[%emt 0:00:02]} Kb8 {[%emt 0:00:03]} 36. Rd1 {[%emt 0:00:02]} Rf8 {[%emt 0:00:02]} 37. Qe7 {[%emt 0:00:04]} Rf4 {[%emt 0:00:02]} 38. Rd8+ {[%emt 0:00:03]} Ka7 {[%emt 0:00:01]} 39. Qe3+ {[%emt 0:00:01]} c5 {[%emt 0:00:02]} 40. Qxf4 {[%emt 0:00:01] Time (Lag: Av=0.55s, max=1.0s)} 1-0

[Event "Stay Safe Play From Home 144"]
[Site "T#645981Emanuel Laske"]
[Date "2020.05.12"]
[Round "4"]
[White "Kongle"]
[Black "Gmbasti"]
[Result "0-1"]
[WhiteElo "1852"]
[BlackElo "1618"]
[Annotator "NA RC"]
[PlyCount "108"]
[EventDate "2020.05.12"]
[EventType "swiss (blitz)"]

1. d4 {[%emt 0:00:01]} c5 {[%emt 0:00:03]} 2. d5 {[%emt 0:00:02]} Nf6 {[%emt 0:00:03]} 3. c4 {[%emt 0:00:00]} e6 {[%emt 0:00:01]} 4. Nc3 {[%emt 0:00:01]} exd5 {[%emt 0:00:01]} 5. cxd5 {[%emt 0:00:02]} d6 {[%emt 0:00:01]} 6. Bg5 {[%emt 0:00:02]} Be7 {[%emt 0:00:01]} 7. e4 {[%emt 0:00:01]} h6 {[%emt 0:00:02]} 8. Bh4 {[%emt 0:00:02]} O-O {[%emt 0:00:01]} 9. f4 {[%emt 0:00:02]} Bg4 {[%emt 0:00:01]} 10. Be2 {[%emt 0:00:02]} Bxe2 {[%emt 0:00:04]} 11. Ngxe2 {[%emt 0:00:01]} Nxe4 {[%emt 0:00:03]} 12. Bxe7 {[%emt 0:00:04]} Nxc3 {[%emt 0:00:01]} 13. Bxd8 {[%emt 0:00:03]} Nxd1 {[%emt 0:00:01]} 14. Kxd1 {[%emt 0:00:14]} Rxd8 {[%emt 0:00:02]} 15. Ng3 {[%emt 0:00:06]} Nd7 {[%emt 0:00:03]} 16. Nf5 {[%emt 0:00:03]} Nf6 {[%emt 0:00:07]} 17. Ne7+ {[%emt 0:00:14]} Kf8 {[%emt 0:00:03]} 18. Re1 {[%emt 0:00:04]} Re8 {[%emt 0:00:01]} 19. Nf5 {[%emt 0:00:04]} Rxe1+ {[%emt 0:00:02]} 20. Kxe1 {[%emt 0:00:01]} Re8+ {[%emt 0:00:01]} 21. Kf2 {[%emt 0:00:02]} Nxd5 {[%emt 0:00:01]} 22. Nxd6 {[%emt 0:00:03]} Re7 {[%emt 0:00:07]} 23. g3 {[%emt 0:00:03]} Nb4 {[%emt 0:00:05]} 24. Kf3 {[%emt 0:00:17]} b6 {[%emt 0:00:03]} 25. a3 {[%emt 0:00:03]} Nc2 {[%emt 0:00:02]} 26. Rc1 {[%emt 0:00:03]} Nd4+ {[%emt 0:00:03]} 27. Kg4 {[%emt 0:00:05]} Re6 {[%emt 0:00:10]} 28. Nc8 {[%emt 0:00:10]} f5+ {[%emt 0:00:09]} 29. Kh3 {[%emt 0:00:04]} a5 {[%emt 0:00:19]} 30. Rd1 {[%emt 0:00:10]} g5 {[%emt 0:00:04]} 31. fxg5 {[%emt 0:00:02]} h5 {[%emt 0:00:01]} 32. Kh4 {[%emt 0:00:05]} Rc6 {[%emt 0:00:13]} 33. Na7 {[%emt 0:00:03]} Rc7 {[%emt 0:00:02]} 34. Kxh5 {[%emt 0:00:10]} Rxa7 {[%emt 0:00:01]} 35. g6 {[%emt 0:00:01]} Kg7 {[%emt 0:00:04]} 36. h4 {[%emt 0:00:02]} Ra8 {[%emt 0:00:05]} 37. Kg5 {[%emt 0:00:02]} Nf3+ {[%emt 0:00:01]} 38. Kxf5 {[%emt 0:00:02]} Rf8+ {[%emt 0:00:02]} 39. Kg4 {[%emt 0:00:02]} Kxg6 {[%emt 0:00:01]} 40. Rd6+ {[%emt 0:00:03]} Kg7 {[%emt 0:00:11]} 41. Rxb6 {[%emt 0:00:01]} Ne5+ {[%emt 0:00:01]} 42. Kg5 {[%emt 0:00:01]} Nd3 {[%emt 0:00:03]} 43. h5 {[%emt 0:00:02]} Rf7 {[%emt 0:00:08]} 44. h6+ {[%emt 0:00:01]} Kh7 {[%emt 0:00:01]} 45. Rb5 {[%emt 0:00:03]} c4 {[%emt 0:00:03]} 46. Rxa5 {[%emt 0:00:01]} Nxb2 {[%emt 0:00:02]} 47. Ra8 {[%emt 0:00:03]} c3 {[%emt 0:00:02]} 48. Rc8 {[%emt 0:00:01]} Rd7 {[%emt 0:00:08]} 49. g4 {[%emt 0:00:01]} Rd5+ {[%emt 0:00:00]} 50. Kh4 {[%emt 0:00:00]} c2 {[%emt 0:00:00]} 51. g5 {[%emt 0:00:01]} Rd4+ {[%emt 0:00:01]} 52. Kh5 {[%emt 0:00:02]} Rd5 {[%emt 0:00:01] Time (Lag: Av=0.53s, max=1.0s)} 53. Rc7+ Kh8 54. Rxc2 Nc4 (54... Nd1 55. Rc6 Ne3 56. Kg6 Rd8 57. h7 Ng4 58. Kh5 Ne5 59. Rc7 Rd5 60. g6 Nf7+ 61. Kh4 Rd4+ 62. Kg3 Rd3+ 63. Kf2 Ne5 64. Rc8+ Kg7 65. h8=Q+ Kxg6 66. Qxe5) 0-1

[Event "Stay Safe Play From Home 144"]
[Site "T#645981Emanuel Laske"]
[Date "2020.05.12"]
[Round "4"]
[White "Lucknow"]
[Black "Lazieri3"]
[Result "1-0"]
[WhiteElo "1813"]
[BlackElo "2095"]
[Annotator "TA"]
[PlyCount "105"]
[EventDate "2020.05.12"]
[EventType "swiss (blitz)"]

{[%evp 25,105,25,33,12,36,20,35,-16,0,-33,-21,-22,-24,-22,-25,-27,-21,-19,-8,-37,0,0,0,-8,-8,-15,0,-8,0,-51,-10,-24,-31,-80,-70,-74,-63,-64,-47,-108,-34,-108,-106,-129,-128,-129,-64,-74,-74,-77,0,0,0,0,0,0,0,0,70,84,300,300,308,-99,-84,-12837,-12838,-12840,0,0,0,0,761,651,1216,1225,1258,587,1163,720,29995,29996]} 1. d4 c6 2. c4 d5 3. Nf3 Nf6 4. Nc3 Bf5 5. e3 e6 6. Bd3 Bxd3 7. Qxd3 h6 8. O-O Bd6 9. e4 dxe4 10. Nxe4 Nxe4 11. Qxe4 Nd7 12. Rd1 Nf6 13. Qe2 O-O 14. Ne5 {D12: Slav Defence: 3 Nf3 Nf6 4 e3 Bf5.} Qc7 15. Bf4 {[#]} Nd7 $146 ({Predecessor:} 15... Rfe8 16. Rd3 c5 17. dxc5 Qxc5 18. Rad1 Be7 19. Qf3 b5 20. b4 Qc8 21. cxb5 Bxb4 22. Rc1 Qb8 23. Nd7 Qxb5 24. Nxf6+ gxf6 25. Qg4+ Kh7 26. Rh3 Bf8 27. Rg3 {1-0 (27) Ganaus,H (2292)-Fischer,O (2044) Bayern 2015}) 16. Bg3 (16. Rd3 $14) 16... Rad8 17. Rd3 Nxe5 18. dxe5 Bc5 19. Rad1 Rxd3 20. Qxd3 Qb6 21. b3 a5 22. Rd2 Qb4 23. h3 a4 24. Kh2 axb3 25. axb3 Ra8 26. Qc2 Qb6 27. Bh4 (27. Qd1 $11) 27... Qc7 28. Bg3 Rd8 29. Qd1 Rxd2 30. Qxd2 Qb6 31. Qc2 Bd4 32. Kg1 (32. Qd2 $15) 32... Qc5 (32... Qa5 $17 33. Qd1 Bxe5 34. Bxe5 Qxe5) 33. Qe2 {[#]} ({White should play} 33. Qe4 $15) 33... Qb4 $1 $17 34. Qc2 Qe1+ 35. Kh2 Bxe5 (35... c5 $17 36. Qa2 Kh7) 36. Qd3 $1 $15 {f4 is the strong threat.} Bxg3+ 37. fxg3 $17 {[%mdl 4096] Endgame KQ-KQ} Qe5 (37... Qa5 $17) 38. Qd8+ $1 $11 Kh7 39. Qd7 b5 40. Qxc6 bxc4 41. Qxc4 h5 (41... g5 $11) 42. b4 f5 $2 (42... Qb2 $16 {was worth a try.}) 43. b5 $18 Qb8 {[#]} 44. Qc6 $2 (44. h4 $1 $18) 44... h4 $1 $17 {[%cal Rh4g3]} 45. b6 $2 {[%mdl 8192]} (45. Kg1 $17) 45... hxg3+ $19 46. Kg1 Qe5 $2 ({Better is} 46... Qd8 $19 {[%cal Rd8d1]} 47. Qf3 Qxb6+ 48. Kf1 Qb5+ 49. Ke1 Qe5+ 50. Kf1 Kg6) 47. Kf1 $11 f4 (47... Qe3 $5 48. Qf3 $8 Qxb6 49. Qh5+ Kg8 50. Qe8+ Kh7 51. Qh5+ Kg8 52. Qe8+ Kh7 53. Qh5+ $11) 48. b7 {Threatens to win with Qb6.} Qa1+ $2 {[%mdl 8192]} (48... Kh6 $11) 49. Ke2 $18 Qb2+ 50. Kf3 Qf2+ 51. Kg4 Qe2+ 52. Kxf4 {White wants to mate with Qe4+.} Qb5 53. Qxb5 {Accuracy: White = 64%, Black = 64%.} 1-0